Statistics for Taylor Swift - Down Bad Lyrics

Click here to take the quiz!

General Stats

  • This quiz has been taken 41 times
    (40 since last reset)
  • The average score is 400 of 472

Answer Stats

Answer% Correct
a
100%
bad
100%
bad)
100%
do
100%
Down
100%
down
100%
(Down
100%
I
100%
"I
100%
The
100%
the
100%
at
97%
can
97%
(Can't
97%
can't
97%
cryin'
97%
(Cryin'
97%
gym
97%
gym)
97%
have
97%
if
97%
in
97%
In
97%
it
97%
no
97%
"Fuck
94%
fuck
94%
Fuck
94%
(Fuck
94%
him"
94%
him
94%
him)
94%
(I'm
94%
I'm
94%
us
94%
come
90%
comes
90%
Everything
90%
Now
90%
now?
90%
teenage
90%
was
90%
you
90%
and
87%
die
87%
difference"
87%
just
87%
Just
87%
love
87%
make
87%
me
87%
might
87%
out
87%
petulance
87%
up
87%
would
87%
my
81%
not
81%
of
81%
all
77%
All
77%
crying
77%
Did
77%
For
77%
pick
77%
to
77%
on
74%
on?
74%
really
74%
so
74%
So
74%
That
74%
that
74%
your
74%
back
71%
blood)
71%
blood
71%
get
71%
take
71%
where
71%
Where
71%
from
68%
here
68%
is
68%
(Like
68%
Like
68%
stay
68%
Then
68%
wakin'
68%
(Wakin'
68%
leave
65%
lost
65%
moment
65%
one
65%
say
65%
twin)
65%
twin
65%
alone
61%
'Cause
61%
chosen
61%
cloud
61%
dust
61%
experiments
61%
it's
61%
it's—
61%
naked
61%
sparkling
61%
Tell
61%
they
61%
this
61%
beam
58%
came
58%
clothes
58%
cosmic
58%
knew
58%
sky
58%
town
58%
about
55%
bigger
55%
existence
55%
heavenstruck
55%
hollow
55%
indecent
55%
seems
55%
Starin'
55%
stranded
55%
talk
55%
than
55%
closer
52%
How
52%
I'll
52%
loved
52%
nuts
52%
old
52%
romantic
52%
same
52%
some
52%
They'll
52%
think
52%
world
52%
dare
48%
exposures
48%
field
48%
hostile
48%
Leaving
48%
planet
48%
(Wavin'
48%
build
45%
safe
45%
sent
45%
ship)
45%
Showed
45%
takeovers
45%
understand
45%
Encounters
42%
fort
42%
somehow
42%

Score Distribution

Percentile by Number Answered

Percent of People with Each Score

Your Score History

You have not taken this quiz since the last reset